Państwa zakończone na "i" - Statystyki

Ogólne statystyki
  • Ten quiz został rozwiązany 151 razy
  • Średni wynik to 7 z 11
Statystyki odpowiedzi
Kontynent Państwo % Poprawnych
Afryka Mali
81%
Oceania Fidżi
77%
Oceania Kiribati
77%
Ameryka Płn Haiti
73%
Afryka Eswatini
70%
Afryka Burundi
69%
Afryka Dżibuti
69%
Afryka Malawi
68%
Azja Brunei
62%
Azja Timor Wschodni
47%
Afryka Republika Południowej Afryki
44%
Nie znaleziono quizów pasujących do podanych kryteriów
Rozkład punktacji
Procent ludzi z każdym wynikiem
Percentyl według liczby udzielonych odpowiedzi
Twoja historia wyników
Nie rozwiązałeś tego quizu